| 000 | 01869cam a22004334i 4500 | ||
|---|---|---|---|
| 003 | PE-LiUPU | ||
| 005 | 20250731173157.0 | ||
| 008 | 150623s r 000 0 d | ||
| 035 | _a(Sirsi) a29189 | ||
| 040 |
_aPE-LiUPU _bspa _cPE-LiUPU _erda |
||
| 082 | 0 | 4 |
_a231 _bL46 _221 |
| 100 | 1 |
_aLeón Odom, Roberto, _eautor. |
|
| 245 | 1 | 3 | _aEl misterio del mas allá. |
| 264 | 1 |
_aPanamá : _bPacific, _c |
|
| 300 |
_a96 páginas : _bilustraciones, fotos ; _c20 cm. |
||
| 336 |
_atext _2rdacontent |
||
| 337 |
_aunmediated _2rdamedia |
||
| 338 |
_avolume _2rdacarrier |
||
| 505 | 0 | _aEl enigma humano. -¿Dónde están los muertos?. -Asegurada la resurreción. -Renace la magia negra. -El misterio del milenio. -¿Qué es el infierno?. -¿Cuándo será el infierno?. -¿Dónde está el infierno?. -El destino de los condenados. -El rico y Lázaro y otras citas difíciles. -¿Cuánto tiempo es para siempre?. -El fin de la muerte. | |
| 526 | _aSEG42 | ||
| 526 | _aSEG41 | ||
| 526 | _aSEG40 | ||
| 526 | _aSEG39 | ||
| 526 | _aP94 | ||
| 526 | _aP87 | ||
| 526 | _aP86 | ||
| 526 | _aP85 | ||
| 526 | _aP77 | ||
| 526 | _aP76 | ||
| 526 | _aP35 | ||
| 942 |
_2ddc _cBOOK |
||
| 949 |
_a231 L46 _wDEWEY _c1 _i10154 _lCCODEBUL1 _mBUL _p00.00 _r0 _sY _tBOOK _u2015-06-24 _xBIBLIOTECA _zUNKNOWN _0COMPRA _o.STAFF. Colección General |
||
| 949 |
_a231 L46 _wDEWEY _c2 _i04197 _lCCODEBUL1 _mBUL _p00.00 _r0 _sY _tBOOK _u2015-06-24 _xBIBLIOTECA _zUNKNOWN _0COMPRA _o.STAFF. Colección General |
||
| 596 | _a1 | ||
| 999 |
_a231 L46 _wDEWEY _c36519 _i10154 _lLOST _mBUL _r1 _sY _tBOOK _u2015-6-24 _xTEOLOGIA _zUNKNOWN _0COMPRA _o.STAFF. Colección General _d36519 |
||
| 999 |
_a231 L46 _wDEWEY _c2 _i04197 _d2017-2-14 _f2021-11-11 _g5 _lCCODEBUL1 _mBUL _q1 _r0 _sY _tBOOK _u2015-6-24 _xTEOLOGIA _zUNKNOWN _0COMPRA _o.STAFF. Colección General |
||
| 980 |
_81 _gALBERTO SANCHEZ Responsable de Automatización |
||